000 00259nam a22001217a 4500
008 170228b xxu||||| |||| 00| 0 eng d
041 _aeng
080 _a61
100 _a3
101 _aSHM
245 _aANTITHROMBOTIC THERAPY
_cBECKER, R.C
942 _2udc
_cBK
999 _c6388
_d6388